एलियट और हिंदी साहित्य चिंतन/ (Record no. 214034)

MARC details
000 -LEADER
fixed length control field 00868nam a22002057a 4500
005 - DATE AND TIME OF LATEST TRANSACTION
control field 20260108124139.0
010 ## - LCCN (DPL NO)
LC control number HIN-130725
020 ## - INTERNATIONAL STANDARD BOOK NUMBER
Terms of availability 675.00
International Standard Book Number 9789356824927
035 ## - SYSTEM CONTROL NUMBER
System control number HN-103171
037 ## - SOURCE OF ACQUISITION
Source of stock number/acquisition DBAD
082 ## - DEWEY DECIMAL CLASSIFICATION NUMBER
Classification number 820.8
Edition number 1
100 ## - MAIN ENTRY--PERSONAL NAME
Personal name बोहरा, मोहनकृष्ण
245 ## - TITLE STATEMENT
Title एलियट और हिंदी साहित्य चिंतन/
Statement of responsibility, etc मोहनकृष्ण बोहरा
250 ## - EDITION STATEMENT
Edition statement 1
260 ## - PUBLICATION, DISTRIBUTION, ETC. (IMPRINT)
Name of publisher, distributor, etc प्रभाकर प्रकाशन
Date of publication, distribution, etc 2023
Place of publication, distribution, etc दिल्ली
270 ## - ADDRESS
City दिल्ली
Address प्लाट न.-55, मेन मदर डेरी रोड, पांडव नगर ईस्ट
Postal code 110092
Telephone number 011-40395855
-- 8368220032
300 ## - PHYSICAL DESCRIPTION
Extent 221पृ.
Dimensions 22सेमी (सजिल्द)
700 ## - ADDED ENTRY--PERSONAL NAME
9 (RLIN) 86235
942 ## - ADDED ENTRY ELEMENTS (KOHA)
Source of classification or shelving scheme Dewey Decimal Classification
Item type Hindi Books
Classification part 820.8
Call number suffix बोहरा
Holdings
Withdrawn status Lost status Not for loan Collection code Home library Current library Date acquired Source of acquisition Cost, normal purchase price Full call number Barcode Copy number Cost, replacement price Koha item type
      Non-fiction Bawana Bawana 08/01/2026 Delivery of Books Act Division 675.00 820.8 बोहरा HN-103171 1 675.00 Hindi Books

© Delhi Public Library
Hit Counter
free hit counter